[Event "Olympiad Women 2024"]
[Site "Budapest HUN"]
[Date "2024.09.18"]
[Round "7.15"]
[White "Kanakova, Natalie"]
[Black "Vo, Thi Kim Phung"]
[Result "1/2-1/2"]
[WhiteElo "2145"]
[BlackElo "2320"]
[TimeControl "40/5400+30:1800+30\""]
[EventDate "2024.09.11"]
[Board "2"]
[WhiteFideId "350486"]
[BlackFideId "12401838"]
[WhiteTeam "Czech Republic"]
[BlackTeam "Vietnam"]

1. e4 e6 2. d4 d5 3. Nc3 Nf6 4. e5 Nfd7 5. f4 c5 6. Nf3 Nc6 7. Be3 Be7 8.
Qd2 c4 9. h4 b5 10. a3 Rb8 11. h5 a5 12. h6 g6 13. Bf2 Qc7 14. Nd1 b4 15.
axb4 axb4 16. g4 c3 17. bxc3 bxc3 18. Qc1 f6 19. Be2 O-O 20. O-O Rb4 21.
Rb1 fxe5 22. Rxb4 Nxb4 23. fxe5 Ba6 24. Bxa6 Nxa6 25. Be1 Nb4 26. Rf2 Nb6
27. Bxc3 Na2 28. Qb2 Nxc3 29. Qxc3 Qxc3 30. Nxc3 Rf4 31. g5 Rf5 32. Ne2 Nc4
33. Ng3 Rf4 34. Ne2 Rg4+ 35. Rg2 Rxg2+ 36. Kxg2 Ne3+ 37. Kf2 Nxc2 38. Nf4
Kf7 39. Ke2 Bb4 40. Ng2 Ba5 41. Kd1 Nb4 42. Ne3 Nc6 43. Kc2 Nb8 44. Ng4 Nd7
45. Nf6 Nf8 46. Kb3 Ke7 47. Ka4 Bc3 48. Kb5 Bb2 49. Kc6 Bc1 50. Kc5 Ba3+
51. Kc6 Bc1 52. Kc7 Bf4 53. Kc8 Bc1 54. Kc7 Bf4 55. Kc8 Bc1 56. Kc7 1/2-1/2

[Event "Olympiad Women 2024"]
[Site "Budapest HUN"]
[Date "2024.09.18"]
[Round "7.15"]
[White "Luong, Phuong Hanh"]
[Black "Rodshtein, Tereza"]
[Result "1-0"]
[WhiteElo "2225"]
[BlackElo "2149"]
[TimeControl "40/5400+30:1800+30\""]
[EventDate "2024.09.11"]
[Board "3"]
[WhiteFideId "12401013"]
[BlackFideId "325449"]
[WhiteTeam "Vietnam"]
[BlackTeam "Czech Republic"]

1. d4 d5 2. Bf4 Nf6 3. Nf3 c6 4. e3 Bg4 5. Nbd2 e6 6. h3 Bh5 7. Be2 Nbd7 8.
Ne5 Bxe2 9. Qxe2 Be7 10. O-O O-O 11. c4 Nxe5 12. Bxe5 Bd6 13. Bxd6 Qxd6 14.
c5 Qe7 15. b4 e5 16. dxe5 Qxe5 17. Nf3 Qh5 18. Nd4 Qxe2 19. Nxe2 Nd7 20.
Nd4 a5 21. a3 Ra6 22. Rfd1 axb4 23. axb4 Rfa8 24. Rxa6 Rxa6 25. e4 Kf8 26.
exd5 cxd5 27. Nf5 Nf6 28. Nd6 Ra4 29. b5 Rb4 30. b6 Ke7 31. Nxb7 Rb5 32.
Re1+ Kd7 33. Rc1 Kc6 34. Nd8+ Kd7 35. Nxf7 Ne8 36. c6+ Kc8 37. Re1 1-0

[Event "Olympiad Women 2024"]
[Site "Budapest HUN"]
[Date "2024.09.18"]
[Round "7.15"]
[White "Novosadova, Kristyna"]
[Black "Bach, Ngoc Thuy Duong"]
[Result "0-1"]
[WhiteElo "2066"]
[BlackElo "2214"]
[TimeControl "40/5400+30:1800+30\""]
[EventDate "2024.09.11"]
[Board "4"]
[WhiteFideId "328065"]
[BlackFideId "12408956"]
[WhiteTeam "Czech Republic"]
[BlackTeam "Vietnam"]

1. e4 c5 2. Nf3 e6 3. d4 cxd4 4. Nxd4 a6 5. Nc3 b5 6. Be3 Bb7 7. f3 d6 8.
Qd2 Nd7 9. Bd3 Ngf6 10. a3 Be7 11. g4 Nb6 12. g5 Nfd7 13. f4 Rc8 14. f5 e5
15. f6 gxf6 16. gxf6 Nxf6 17. Nf5 Nc4 18. Bxc4 Rxc4 19. Rf1 Nxe4 20. Nxe4
Bxe4 21. Nxe7 Qxe7 22. Bg5 Qc7 23. c3 Bg6 24. O-O-O O-O 25. Bf6 Qc6 26.
Rde1 b4 27. Re2 bxc3 28. Qh6 cxb2+ 29. Kxb2 Rc2+ 30. Rxc2 Qxc2+ 31. Ka1
Qc3+ 0-1

[Event "Olympiad Women 2024"]
[Site "Budapest HUN"]
[Date "2024.09.18"]
[Round "7.16"]
[White "Zherebtsova, Alexandra"]
[Black "Kosteniuk, Alexandra"]
[Result "0-1"]
[WhiteElo "2239"]
[BlackElo "2483"]
[TimeControl "40/5400+30:1800+30\""]
[EventDate "2024.09.11"]
[Board "1"]
[WhiteFideId "24129518"]
[BlackFideId "4128125"]
[WhiteTeam "Montenegro"]
[BlackTeam "Switzerland"]

1. d4 Nf6 2. c4 e6 3. g3 Bb4+ 4. Nd2 c5 5. a3 Bxd2+ 6. Qxd2 Nc6 7. dxc5 Ne4
8. Qe3 Qa5+ 9. Bd2 Nxd2 10. Qxd2 Qxc5 11. Nf3 Qxc4 12. Qd6 Ne7 13. Bh3 Qa6
14. Qc5 d6 15. Qg5 Ng6 16. O-O e5 17. Bxc8 Rxc8 18. h4 O-O 19. h5 Qxe2 20.
Nh2 h6 21. Qf5 Ne7 22. Qd7 Nc6 23. Qxb7 Nd4 24. Qxa7 Qe4 25. Rae1 Ne2+ 26.
Rxe2 Qxe2 27. b4 d5 28. a4 d4 29. a5 Qb5 30. Nf3 Rfe8 31. Re1 Qxb4 32. Kg2
e4 0-1

[Event "Olympiad Women 2024"]
[Site "Budapest HUN"]
[Date "2024.09.18"]
[Round "7.16"]
[White "Georgescu, Lena"]
[Black "Skvortsova, Alena"]
[Result "1/2-1/2"]
[WhiteElo "2266"]
[BlackElo "2179"]
[TimeControl "40/5400+30:1800+30\""]
[EventDate "2024.09.11"]
[Board "2"]
[WhiteFideId "1331973"]
[BlackFideId "24166251"]
[WhiteTeam "Switzerland"]
[BlackTeam "Montenegro"]

1. e4 e6 2. d4 d5 3. Nc3 Nf6 4. Bg5 dxe4 5. Nxe4 Nbd7 6. Nf3 h6 7. Nxf6+
Nxf6 8. Be3 Bd6 9. Bd3 O-O 10. Qe2 b6 11. O-O-O Bb7 12. Ne5 Nd5 13. Bd2 Qh4
14. Nf3 Qf6 15. Qe4 Qg6 16. Qxg6 fxg6 17. Bxg6 Nf4 18. Bxf4 Rxf4 19. h3
Rxf3 20. gxf3 Bxf3 21. Kd2 Rf8 22. Ke3 Rf6 23. Be4 Bxd1 24. Rxd1 g5 25. Bf3
Kg7 26. Rg1 e5 27. dxe5 Bxe5 28. c3 Bf4+ 29. Ke4 Re6+ 30. Kf5 Re5+ 31. Kg4
Ra5 32. Be4 Rxa2 33. Rb1 Kf6 34. h4 Ke5 35. Bc2 Ra5 36. hxg5 hxg5 37. Kf3
Rd5 38. Re1+ Kd6 39. Re2 Kc5 40. Be4 Rd1 41. Bg6 a5 42. Rc2 a4 43. Be8 b5
44. c4 Rc1 45. Rxc1 Bxc1 46. cxb5 Bxb2 47. b6 cxb6 48. Bxa4 b5 49. Bb3 Kb4
50. Be6 Bd4 51. Kg4 Bf6 52. f4 gxf4 53. Kxf4 1/2-1/2

[Event "Olympiad Women 2024"]
[Site "Budapest HUN"]
[Date "2024.09.18"]
[Round "7.16"]
[White "Milovic, Aleksandra"]
[Black "Hryzlova, Sofiia"]
[Result "1/2-1/2"]
[WhiteElo "2121"]
[BlackElo "2188"]
[TimeControl "40/5400+30:1800+30\""]
[EventDate "2024.09.11"]
[Board "3"]
[WhiteFideId "933988"]
[BlackFideId "14174669"]
[WhiteTeam "Montenegro"]
[BlackTeam "Switzerland"]

1. e4 c5 2. Nf3 d6 3. d4 cxd4 4. Nxd4 Nf6 5. Nc3 a6 6. Be3 e5 7. Nb3 Be6 8.
f3 h5 9. Qd2 Nbd7 10. O-O-O Be7 11. Kb1 Rc8 12. Qf2 Rxc3 13. bxc3 b5 14.
Be2 Qc7 15. Rd3 d5 16. exd5 Nxd5 17. Bd2 N7b6 18. Rd1 Na4 19. Qe1 O-O 20.
f4 e4 21. Rxd5 Bxd5 22. Bxh5 Bf6 23. Qe3 Bxc3 24. Rc1 Bb2 25. Rf1 Rc8 26.
Bd1 Nc3+ 27. Bxc3 Bxc3 28. Bg4 Qc4 29. Rd1 Rc6 30. Be2 Qb4 31. Rxd5 Bf6 32.
Qd2 Rc3 33. Rd8+ Kh7 34. Qd5 Bxd8 35. Qxd8 Rc6 36. Qd2 Rc3 37. Qd5 Re3 38.
Qf5+ Kg8 39. Qc8+ Kh7 40. Qf5+ Kg8 41. Qc8+ Kh7 42. Qf5+ Kg8 1/2-1/2

[Event "Olympiad Women 2024"]
[Site "Budapest HUN"]
[Date "2024.09.18"]
[Round "7.16"]
[White "Manko, Mariia"]
[Black "Popovic, Mateja"]
[Result "1-0"]
[WhiteElo "2159"]
[BlackElo "1932"]
[TimeControl "40/5400+30:1800+30\""]
[EventDate "2024.09.11"]
[Board "4"]
[WhiteFideId "14199220"]
[BlackFideId "16504518"]
[WhiteTeam "Switzerland"]
[BlackTeam "Montenegro"]

1. d4 d5 2. c4 e6 3. Nf3 Nf6 4. g3 Be7 5. Bg2 Ne4 6. O-O f5 7. Ne5 Nd7 8.
f3 Nd6 9. c5 Nf7 10. Nxf7 Kxf7 11. e4 h5 12. Nc3 c6 13. g4 g6 14. b4 b6 15.
Rb1 bxc5 16. bxc5 Ba6 17. gxf5 Bxf1 18. fxe6+ Kxe6 19. exd5+ cxd5 20. Qxf1
Nf6 21. Qa6+ Kf7 22. Bf4 Qc8 23. Rb7 Re8 24. Nb5 Kg8 25. Nc7 Rb8 26. Rxb8
Qxb8 27. Qe6+ Kg7 28. Be5 1-0

[Event "Olympiad Women 2024"]
[Site "Budapest HUN"]
[Date "2024.09.18"]
[Round "7.17"]
[White "Bulmaga, Irina"]
[Black "Martynkova, Olena"]
[Result "1/2-1/2"]
[WhiteElo "2406"]
[BlackElo "2176"]
[TimeControl "40/5400+30:1800+30\""]
[EventDate "2024.09.11"]
[Board "1"]
[WhiteFideId "13903063"]
[BlackFideId "14134039"]
[WhiteTeam "Romania"]
[BlackTeam "Lithuania"]

1. e4 e5 2. Nf3 Nc6 3. Bb5 a6 4. Ba4 Nf6 5. d3 d6 6. c3 Be7 7. O-O b5 8.
Bc2 O-O 9. Re1 Re8 10. a4 b4 11. a5 Rb8 12. Nbd2 Bf8 13. Nc4 h6 14. Ba4 Bd7
15. Bd2 bxc3 16. bxc3 g6 17. Ne3 Qc8 18. Qc1 Kh7 19. Qc2 Bg7 20. d4 Nd8 21.
dxe5 dxe5 22. Nc4 Bxa4 23. Qxa4 Nd7 24. Rad1 Ne6 25. Be3 Ndc5 26. Qc2 Qb7
27. Nfxe5 Qxe4 28. Qxe4 Nxe4 29. Ba7 Nxc3 30. Bxb8 Nxd1 31. Ba7 Nc3 32.
Nxf7 Nb5 33. Be3 Ned4 34. Kf1 Nc2 35. Re2 Nxe3+ 36. Rxe3 Rf8 37. Re7 Kg8
38. Nfe5 g5 39. g3 Rf5 40. Re6 Nd6 41. Nxd6 cxd6 42. Nc6 Bf8 43. Re8 Rc5
44. Rc8 Kf7 45. Ke2 Bg7 46. Rc7+ Kf8 47. Rc8+ Kf7 48. Kd3 Bf6 49. Nd8+ Bxd8
50. Rxd8 Rxa5 51. Rxd6 Kg7 52. Ke4 g4 53. f4 gxf3 54. Kxf3 h5 55. Kf4 Kh7
56. h3 Kg7 57. Rd7+ Kg6 58. Rd6+ Kg7 59. g4 hxg4 60. hxg4 Kf7 61. g5 Ra1
62. Rd7+ Kg6 63. Rd6+ Kg7 64. Ke4 1/2-1/2

[Event "Olympiad Women 2024"]
[Site "Budapest HUN"]
[Date "2024.09.18"]
[Round "7.17"]
[White "Limontaite, Simona"]
[Black "Sandu, Mihaela"]
[Result "1/2-1/2"]
[WhiteElo "2177"]
[BlackElo "2248"]
[TimeControl "40/5400+30:1800+30\""]
[EventDate "2024.09.11"]
[Board "2"]
[WhiteFideId "12802506"]
[BlackFideId "1204327"]
[WhiteTeam "Lithuania"]
[BlackTeam "Romania"]

1. d4 Nf6 2. c4 e6 3. Nc3 Bb4 4. Bd2 c5 5. e3 O-O 6. Nf3 b6 7. Bd3 d5 8.
O-O cxd4 9. Nxd4 Bb7 10. Rc1 dxc4 11. Bxc4 Nbd7 12. Qe2 Bc5 13. Nb3 Be7 14.
Rfd1 a6 15. Nd4 Qb8 16. Bb3 b5 17. Be1 Nc5 18. Bc2 g6 19. b4 Ncd7 20. a3
Nb6 21. Bb3 Bd6 22. h3 Be7 23. Nf3 Rc8 24. Nb1 Ne4 25. Nfd2 Qe5 26. Nxe4
Bxe4 27. f3 Bxb1 28. Rxb1 Nc4 29. Bxc4 Rxc4 30. f4 Qe4 31. Qd3 Qxd3 32.
Rxd3 Rac8 33. Kf1 Rc2 34. Rbd1 Kf8 35. R1d2 Rc1 36. Rd1 R8c2 37. Rxc1 Rxc1
38. Ke2 Ke8 39. Bc3 Rc2+ 40. Kf3 h5 41. Bd4 f5 42. Be5 Bh4 43. g3 Be7 44.
h4 Rc8 45. e4 Rc6 46. Rc3 Rxc3+ 47. Bxc3 Kd7 48. Ke3 Kc6 49. Kd3 Bd8 50.
Bd4 a5 51. Ke3 axb4 52. axb4 Be7 53. Bc3 Bd6 54. Kd3 Bc7 55. Bd4 Kd7 56.
Ke3 Bd6 57. Bc3 Be7 58. Kd3 Bd8 59. Bd4 Bc7 60. Ke3 Kc6 61. Kd3 1/2-1/2

[Event "Olympiad Women 2024"]
[Site "Budapest HUN"]
[Date "2024.09.18"]
[Round "7.17"]
[White "Lehaci, Miruna-Daria"]
[Black "Baginskaite, Kamile"]
[Result "1/2-1/2"]
[WhiteElo "2180"]
[BlackElo "2103"]
[TimeControl "40/5400+30:1800+30\""]
[EventDate "2024.09.11"]
[Board "3"]
[WhiteFideId "1234765"]
[BlackFideId "2014599"]
[WhiteTeam "Romania"]
[BlackTeam "Lithuania"]

1. e4 c5 2. Nf3 d6 3. d4 cxd4 4. Nxd4 Nf6 5. Nc3 a6 6. f4 e5 7. Nb3 Be7 8.
fxe5 dxe5 9. Qxd8+ Bxd8 10. Be3 Be6 11. Be2 Nbd7 12. O-O-O Rc8 13. Bf3 Bb6
14. Bxb6 Nxb6 15. Na5 Rc7 16. Rd6 Nc8 17. Rd2 b6 18. Nb3 Rd7 19. Nd5 Bxd5
20. exd5 Ke7 21. Re1 Kd6 22. g4 h6 23. h4 Re7 24. Rde2 Nd7 25. Nd2 Kc7 26.
Nc4 f6 27. Re3 e4 28. Rxe4 Rxe4 29. Rxe4 b5 30. Ne3 Nc5 31. d6+ Kxd6 32.
Nf5+ Kc7 33. Re3 g6 34. Rc3 Kb6 35. b4 gxf5 36. bxc5+ Kc7 37. gxf5 Re8 38.
Ra3 Re5 39. Rxa6 Rxf5 40. Rc6+ Kd7 41. Rxc8 Rxf3 42. Rh8 Kc6 43. Rxh6 Kxc5
44. Rh8 Rh3 45. h5 Kb6 46. Kd2 f5 47. c3 f4 48. Kc2 Rh2+ 49. Kb3 f3 50. Rf8
Rxh5 51. Rxf3 Rh1 52. Rf6+ Kc5 53. Rf5+ Kb6 54. Kb4 Rb1+ 55. Ka3 Kc6 56.
Rf2 Kc5 57. Rb2 Rxb2 58. Kxb2 b4 59. a4 1/2-1/2

[Event "Olympiad Women 2024"]
[Site "Budapest HUN"]
[Date "2024.09.18"]
[Round "7.17"]
[White "Sibajeva, Marija"]
[Black "Ciolacu, Alessia-Mihaela"]
[Result "1-0"]
[WhiteElo "2007"]
[BlackElo "2160"]
[TimeControl "40/5400+30:1800+30\""]
[EventDate "2024.09.11"]
[Board "4"]
[WhiteFideId "12807583"]
[BlackFideId "1252640"]
[WhiteTeam "Lithuania"]
[BlackTeam "Romania"]

1. d4 Nf6 2. Nc3 d5 3. Bf4 e6 4. Nb5 Na6 5. e3 c6 6. Nc3 Nc7 7. Bd3 c5 8.
dxc5 Bxc5 9. Nf3 O-O 10. g4 Bb4 11. g5 Nd7 12. Ne5 Nxe5 13. Bxe5 Bd6 14.
Bxh7+ Kxh7 15. Qh5+ Kg8 16. Bxg7 f5 17. Qh8+ Kf7 18. g6+ Kxg6 19. Rg1+ Kf7
20. Bxf8 Bxf8 21. Rg7+ Bxg7 22. Qxd8 Ne8 23. Qg5 Bd7 24. O-O-O b5 25. h4 b4
26. Ne2 Nf6 27. Qf4 a5 28. Ng1 Rc8 29. Nf3 Ng4 30. Qd6 Ke8 31. Rd2 Bf8 32.
Qa6 a4 33. Nd4 Ke7 34. Qb7 b3 35. axb3 axb3 36. Nxe6 Nf6 37. Nxf8 1-0

[Event "Olympiad Women 2024"]
[Site "Budapest HUN"]
[Date "2024.09.18"]
[Round "7.18"]
[White "Brunello, Marina"]
[Black "Wagener, Anna"]
[Result "1-0"]
[WhiteElo "2348"]
[BlackElo "2251"]
[TimeControl "40/5400+30:1800+30\""]
[EventDate "2024.09.11"]
[Board "1"]
[WhiteFideId "822590"]
[BlackFideId "13900285"]
[WhiteTeam "Italy"]
[BlackTeam "Luxembourg"]

1. e4 c5 2. Nf3 Nc6 3. d4 cxd4 4. Nxd4 g6 5. c4 Bg7 6. Be3 Nf6 7. Nc3 O-O
8. Be2 d6 9. O-O Bd7 10. Nb3 a5 11. Nd2 Bc8 12. Ndb1 Nd7 13. Na3 Nc5 14.
Nab5 Be6 15. Rc1 f5 16. exf5 gxf5 17. Qd2 Ne5 18. b3 Ne4 19. Nxe4 fxe4 20.
Bg5 Kh8 21. Qe3 Nf7 22. Bf4 Bf5 23. Rcd1 Qc8 24. Bh5 a4 25. Nc3 axb3 26.
axb3 e5 27. Bg3 Bh6 28. Qe2 Qc6 29. Nb5 Rad8 30. Bxf7 Rxf7 31. Bxe5+ Bg7
32. Rxd6 Rxd6 33. Nxd6 1-0

[Event "Olympiad Women 2024"]
[Site "Budapest HUN"]
[Date "2024.09.18"]
[Round "7.70"]
[White "Steil-Antoni, Fiona"]
[Black "Gueci, Tea"]
[Result "1/2-1/2"]
[WhiteElo "2085"]
[BlackElo "2199"]
[TimeControl "40/5400+30:1800+30\""]
[EventDate "2024.09.11"]
[WhiteFideId "4001249"]
[BlackFideId "872342"]
[WhiteTeam "Luxembourg"]
[BlackTeam "Italy"]

1. f4 d5 2. Nf3 Nf6 3. e3 g6 4. b3 Bg7 5. Bb2 O-O 6. Be2 c5 7. O-O Nc6 8.
Ne5 Qc7 9. Nxc6 Qxc6 10. Bf3 c4 11. d3 cxd3 12. cxd3 Bd7 13. Bd4 Ne8 14.
Bxg7 Nxg7 15. Nd2 Nf5 16. Re1 Rac8 17. g4 Ng7 18. h3 Qd6 19. d4 Rc3 20. Rc1
Rfc8 21. Rxc3 Rxc3 22. Nb1 Rc7 23. Qd2 Qc6 24. Qa5 e6 25. Qxa7 Ne8 26. Qa5
Qc2 27. Nd2 b6 28. Qb4 Qxa2 29. Nf1 Qa5 30. Qxa5 bxa5 31. Ra1 Ra7 32. Rc1
1/2-1/2

[Event "Olympiad Women 2024"]
[Site "Budapest HUN"]
[Date "2024.09.18"]
[Round "7.18"]
[White "Sedina, Elena"]
[Black "Kremer, Nadine"]
[Result "1-0"]
[WhiteElo "2196"]
[BlackElo "1898"]
[TimeControl "40/5400+30:1800+30\""]
[EventDate "2024.09.11"]
[Board "3"]
[WhiteFideId "812153"]
[BlackFideId "4002970"]
[WhiteTeam "Italy"]
[BlackTeam "Luxembourg"]

1. e4 Nf6 2. e5 Nd5 3. d4 d6 4. Nf3 g6 5. c4 Nb6 6. exd6 cxd6 7. h3 Bg7 8.
Be2 O-O 9. Nc3 Bf5 10. O-O Nc6 11. d5 Na5 12. Nd4 e5 13. Nxf5 gxf5 14. b3
Rc8 15. Bd2 f4 16. Rc1 Naxc4 17. bxc4 Nxc4 18. Ne4 f5 19. Rxc4 Rxc4 20.
Bxc4 fxe4 21. Qe2 f3 22. Qxe4 fxg2 23. Qxg2 Kh8 24. Kh1 Qd7 25. Be2 Qf7 26.
Bg4 h5 27. Be6 Qf3 28. Be3 Qe2 29. Rg1 Bf6 30. Qg6 Qf3+ 31. Kh2 1-0

[Event "Olympiad Women 2024"]
[Site "Budapest HUN"]
[Date "2024.09.18"]
[Round "7.18"]
[White "Lyon, Hannah Jane"]
[Black "Sala, Giulia"]
[Result "0-1"]
[WhiteElo "1797"]
[BlackElo "2115"]
[TimeControl "40/5400+30:1800+30\""]
[EventDate "2024.09.11"]
[Board "4"]
[WhiteFideId "389105000"]
[BlackFideId "2840451"]
[WhiteTeam "Luxembourg"]
[BlackTeam "Italy"]

1. d4 d5 2. c4 e6 3. Nf3 Nf6 4. g3 dxc4 5. Bg2 Nc6 6. e3 Rb8 7. Qc2 b5 8.
O-O Be7 9. a4 a6 10. Bd2 Bb7 11. axb5 axb5 12. Nc3 Nb4 13. Qb1 O-O 14. b3
c5 15. Rd1 Nd3 16. bxc4 bxc4 17. dxc5 Bxf3 18. Qxb8 Qxb8 19. Bxf3 Bxc5 20.
Rdb1 Qe5 21. Ra4 Qf5 22. Kg2 Ne5 23. Be2 Ne4 0-1

[Event "Olympiad Women 2024"]
[Site "Budapest HUN"]
[Date "2024.09.18"]
[Round "7.19"]
[White "Francisco Guecamburu, Candela Be"]
[Black "Mendoza, Shania Mae"]
[Result "1-0"]
[WhiteElo "2294"]
[BlackElo "2013"]
[TimeControl "40/5400+30:1800+30\""]
[EventDate "2024.09.11"]
[Board "1"]
[WhiteFideId "160911"]
[BlackFideId "5211158"]
[WhiteTeam "Argentina"]
[BlackTeam "Philippines"]

1. d4 d5 2. Nc3 g6 3. Bf4 Bg7 4. e3 Nf6 5. h4 h6 6. Nf3 c5 7. Nb5 Na6 8. c3
Ne4 9. Be2 Bg4 10. a4 O-O 11. Ne5 Bxe2 12. Qxe2 Qe8 13. f3 Nd6 14. Ng4 h5
15. Nf2 Nc4 16. e4 cxd4 17. exd5 Nb6 18. c4 Qc8 19. b3 d3 20. Qd1 Qf5 21.
Bg3 d2+ 22. Kxd2 Rfd8 23. Nc3 e6 24. d6 Qa5 25. Rc1 Rac8 26. Ne4 f5 27. Ng5
Nxc4+ 28. bxc4 Rxc4 29. Qb3 Rd4+ 30. Ke2 Nc5 31. Qb5 Rxa4 32. Rhd1 b6 33.
Qxa5 Rxa5 34. Bf2 Nd7 35. Kf1 Nf8 36. Ne2 Bf6 37. Nf4 e5 38. Nd5 Rxd6 39.
Nxf6+ Rxf6 40. Rc7 Ra2 41. Be1 Ra4 42. Bc3 Rxh4 43. Kg1 Rd4 44. Rxd4 exd4
45. Bxd4 Ne6 46. Rc6 1-0

[Event "Olympiad Women 2024"]
[Site "Budapest HUN"]
[Date "2024.09.18"]
[Round "7.19"]
[White "Frayna, Janelle Mae"]
[Black "Campos, Maria Jose"]
[Result "1-0"]
[WhiteElo "2216"]
[BlackElo "2252"]
[TimeControl "40/5400+30:1800+30\""]
[EventDate "2024.09.11"]
[Board "2"]
[WhiteFideId "5212499"]
[BlackFideId "146803"]
[WhiteTeam "Philippines"]
[BlackTeam "Argentina"]

1. c4 e6 2. g3 Nf6 3. Bg2 d5 4. Nf3 dxc4 5. Qa4+ Nbd7 6. Qxc4 c5 7. d3 b6
8. Nd4 b5 9. Nxb5 Rb8 10. O-O Qb6 11. N1c3 Be7 12. Qa4 a6 13. Na3 O-O 14.
Nc4 Qd8 15. Na5 Ne5 16. Bf4 Rb4 17. Qc2 Qxa5 18. Bxe5 Nd7 19. Bf4 Qb6 20.
b3 h5 21. Rab1 Qa5 22. Ne4 Qd8 23. a3 Rd4 24. Be3 Rd5 25. Rfc1 Rf5 26. Qd2
g5 27. Rc2 Bb7 28. Nd6 Bxd6 29. Bxb7 h4 30. Be4 Re5 31. Bg2 Be7 32. d4 cxd4
33. Bxd4 Rf5 34. Be4 Ra5 35. a4 h3 36. Bc3 Rc5 37. b4 Rc7 38. Ba1 f5 39.
Bh1 Rxc2 40. Qxc2 Qb6 41. Qc6 Rd8 42. a5 Qxc6 43. Bxc6 Nb8 44. Ba4 Rd2 45.
Be5 Nd7 46. Bc3 Rd6 47. Rd1 Rxd1+ 48. Bxd1 Kf7 49. Ba4 Nf6 50. b5 axb5 51.
Bxb5 Bc5 52. e3 Ke7 53. a6 Nd7 54. Bd4 Bxd4 55. exd4 Nb6 56. a7 Kd6 57. Be2
Kd5 58. Bf3+ Kxd4 59. a8=Q Nxa8 60. Bxa8 e5 61. Bb7 e4 62. Kf1 e3 63. f3
Kd3 64. Ke1 f4 65. gxf4 gxf4 66. Bc8 1-0

[Event "Olympiad Women 2024"]
[Site "Budapest HUN"]
[Date "2024.09.18"]
[Round "7.19"]
[White "Borda Rodas, Anapaola S."]
[Black "Fronda, Jan Jodilyn"]
[Result "1/2-1/2"]
[WhiteElo "2216"]
[BlackElo "2165"]
[TimeControl "40/5400+30:1800+30\""]
[EventDate "2024.09.11"]
[Board "3"]
[WhiteFideId "152781"]
[BlackFideId "5204585"]
[WhiteTeam "Argentina"]
[BlackTeam "Philippines"]

1. e4 c5 2. Nf3 e6 3. d4 cxd4 4. Nxd4 Nc6 5. Bf4 d6 6. Nxc6 bxc6 7. c4 e5
8. Be3 Nf6 9. Nc3 Ng4 10. Bc1 Be7 11. Be2 Nf6 12. O-O O-O 13. b3 Ne8 14. c5
Nc7 15. cxd6 Bxd6 16. Be3 Ne6 17. Na4 Bb7 18. Bc4 Qe7 19. Qg4 Bc8 20. Bh6
Qf6 21. Be3 Nf4 22. Qg3 Be6 23. Ba6 Bc8 24. Bc4 Be6 25. Kh1 Bxc4 26. bxc4
Rab8 27. Nc5 Rfd8 28. Nb3 Qe6 29. Bxa7 Rb4 30. c5 Bc7 31. Rfd1 Rxe4 32. Bb6
Rxd1+ 33. Rxd1 Nd5 34. Qd3 Qf5 35. Qa6 h6 36. Qa8+ Kh7 37. Qxc6 Qxf2 38. h3
Bb8 39. Ba5 Nf6 40. Qb7 Re2 41. Qf3 Ne4 42. Rd3 Bc7 43. Nc1 Re1+ 44. Bxe1
Qxe1+ 45. Kh2 Ng5 46. Qf5+ g6 47. Qc8 e4+ 48. Qxc7 exd3 49. Nxd3 Qd2 50.
Qg3 Qxa2 51. h4 Ne4 52. Qf4 Qe6 53. Ne5 Nxc5 54. Nxf7 Qf5 55. Qc7 Qd7 56.
Qf4 Qf5 57. Qxh6+ Kg8 58. Ng5 Qe5+ 59. Kh3 Qg7 60. Qxg7+ Kxg7 61. Kg4 Nd3
62. Ne6+ Kf6 63. Nf4 Ne5+ 64. Kh3 Kf5 65. Nd5 Ke6 66. Ne3 Kf7 67. g4 Kf6
68. Nd5+ Ke6 69. Nf4+ Kf6 70. g5+ Kf5 71. Nd5 Ke4 72. Ne7 Kf4 73. Ng8 Nf7
74. Nh6 1/2-1/2

[Event "Olympiad Women 2024"]
[Site "Budapest HUN"]
[Date "2024.09.18"]
[Round "7.19"]
[White "Canino, Ruelle"]
[Black "Amura, Claudia"]
[Result "1-0"]
[WhiteElo "2004"]
[BlackElo "2191"]
[TimeControl "40/5400+30:1800+30\""]
[EventDate "2024.09.11"]
[Board "4"]
[WhiteFideId "5220416"]
[BlackFideId "100536"]
[WhiteTeam "Philippines"]
[BlackTeam "Argentina"]

1. c4 e5 2. Nf3 e4 3. Nd4 Nc6 4. e3 Nxd4 5. exd4 Nf6 6. Nc3 Bb4 7. Be2 O-O
8. g4 d5 9. g5 Bxc3 10. dxc3 Ne8 11. Bf4 Bh3 12. Rg1 dxc4 13. Bxc4 Nd6 14.
Bb3 Qd7 15. Qh5 Be6 16. d5 Bf5 17. O-O-O a5 18. Qe2 b5 19. h4 b4 20. cxb4
axb4 21. h5 Ra5 22. h6 c5 23. Bxd6 Qxd6 24. Bc4 Rfa8 25. Qe3 Rd8 26. Qg3
Raa8 27. Kd2 Qe7 28. Qf4 Bg6 29. Rde1 Rxd5+ 30. Bxd5 Rd8 31. Kc1 Rxd5 32.
Rd1 Rxd1+ 33. Rxd1 gxh6 34. gxh6 f5 35. Rd6 c4 36. Rc6 c3 37. bxc3 bxc3 38.
Rxc3 Qb4 39. Qe5 1-0

[Event "Olympiad Women 2024"]
[Site "Budapest HUN"]
[Date "2024.09.18"]
[Round "7.20"]
[White "Unuk, Laura"]
[Black "Maksimovic, Masa"]
[Result "1/2-1/2"]
[WhiteElo "2316"]
[BlackElo "2093"]
[TimeControl "40/5400+30:1800+30\""]
[EventDate "2024.09.11"]
[Board "1"]
[WhiteFideId "14609215"]
[BlackFideId "14408902"]
[WhiteTeam "Slovenia"]
[BlackTeam "Bosnia & Herzegovina"]

1. d4 Nf6 2. c4 g6 3. Nf3 Bg7 4. g3 O-O 5. Bg2 d6 6. Nc3 Nc6 7. d5 Na5 8.
b3 c5 9. O-O a6 10. Bb2 Rb8 11. Nd2 b5 12. Qc1 e5 13. dxe6 Bxe6 14. cxb5
axb5 15. Nce4 Nxe4 16. Nxe4 Bxb2 17. Qxb2 f5 18. Nc3 Qf6 19. Qd2 b4 20. Nd5
Bxd5 21. Bf3 Be4 22. Bxe4 Kh8 23. Bd5 Qd4 24. Qxd4+ cxd4 25. Rfd1 Nb7 26.
Rxd4 Nc5 27. a4 bxa3 28. Rxa3 Rb6 29. b4 Na6 30. b5 Nc7 31. Ra7 Nxb5 32.
Rb4 Rfb8 33. Rd7 Nc3 34. Rxb6 Rxb6 35. Bc4 d5 36. Bd3 Rc6 37. h4 Ne4 38.
Rxd5 Nf6 39. Rb5 Rc7 40. Rb6 Kg7 41. Ba6 Re7 42. Rb7 Rxb7 43. Bxb7 h6 44.
Bc8 Ne4 45. Kg2 Nd6 46. Bd7 g5 47. Kf3 Kf6 48. hxg5+ hxg5 49. Bc6 Ke5 50.
Ke3 Nc4+ 51. Kd3 Nd6 52. f3 f4 53. g4 Nc8 54. Kc4 Nd6+ 55. Kc5 Nc8 56. Bb7
Nd6 57. Ba6 Nf7 58. Kc6 Kf6 59. Kd5 Nd8 60. Bc4 Nf7 61. Ba2 Ne5 62. Kd6 Ng6
63. Bb1 Nh4 64. Be4 Ng2 65. Kd5 Ne3+ 66. Kd4 Ng2 67. Bd5 Ne3 68. Bb3 Ng2
69. Ba4 Ne3 70. Bb5 Nc2+ 71. Ke4 Ne3 72. Ba6 Ng2 73. Kd5 Ne3+ 74. Kd6 Ng2
75. Bd3 Ne3 76. Kc5 Ng2 77. Kd5 Ne3+ 78. Kd4 Ng2 79. e4 fxe3 80. Bf1 Nf4
81. Kxe3 Ne6 82. Bc4 Nf4 83. Ke4 Ng2 84. Bf1 Nf4 85. Kd4 1/2-1/2